| 000 | 00432nam a22001817a 4500 | ||
|---|---|---|---|
| 003 | NUST - PNEC | ||
| 005 | 20170116181043.0 | ||
| 008 | 150923b xxu||||| |||| 00| 0 eng d | ||
| 020 | _a9788131721384 | ||
| 040 | _cLIBRARY | ||
| 082 | _a658.5 HEI | ||
| 100 |
_911636 _aHeizer jay |
||
| 245 |
_aOperations management _cJay heizer |
||
| 250 | _a9th ed | ||
| 260 | _cc2009. | ||
| 650 |
_911637 _aManagemet _xMIS |
||
| 942 |
_2ddc _cBK |
||
| 999 |
_c68157 _d68157 |
||